1853 1008 1874 1747 1427 1936 1411 1256 1657 1761 1287 1232 1926 1833 1935 1479 1020 1803 1231 1641 1389 1194 1725 1903 1260 1012 1218 1996 1703 1781 1172 1424 1747 1086 1777 1636 1304 1966 1281 1411 1532 1088 1669 1894 1912 1008 1933 1277 1659 1658 1090 1602 1124 1423 1436 1947 1258 1719 1118 1299 1285 1114 1741 1899 1755 1836 1850 1239 1005 1378 1498 1411 1359 1684 1741 1508 1291 1245 1013 1431 1699 1614 1705 1521 1516 1152 1224 1771 1692 1061 1438 1459 1191 1761 1848 1975 1459 1094 1441 BCNSPRNW ULIB Ver.6.0+V

เปลี่ยนเป็นภาษาไทย

Change to English
 แสดงรายละเอียดบรรณานุกรม
  กลับหน้าหลัก

Brief Record : Get Marc (ISO 2709) : E-mail record : QR code < ปิดหน้าต่าง
LEADER : 00000nam 2200000uu 4500
001    13399124505
003     ULIB
008    150817s2556 th a 000 0 tha d
020    9789749804223
020    9789749804228
090    นว.^bล158ร ล.5
100    ล่อร่า อิงกัลล์ส์ ไวล์เดอร์;^eผู้แต่ง
245    ริมทะเลสาบสีเงิน/^cล่อร่า อิงกัลล์ส์ ไวล์เดอร์. ; เขียน ,สุคนธรส. ; แปล
250    พิมพ์ครั้งที่ 9
260    กรุงเทพฯ :^bแพรวเยาวชน,^c2556
300    295 หน้า;^b18.5 ซม.
500    หนังสือชุดบ้านเล็ก
700    สุคนธรส ;^eแปล
945    ^p215^l0^i039776
999    ^aทศพร
รายการนี้ยังไม่มีแท็ก
คุณยังไม่ได้ล็อกอิน คุณสามารถมีกิจกรรมร่วมกับเว็บไซต์ได้ แต่ต้องล็อกอินก่อน ::
  ล็อกอิน

รายการสื่อสารสนเทศ

ลำดับที่ ประเภท เลขเรียก/บาร์โค้ด สถานที่ สถานะ
1. นวนิยาย
นวนิยาย
นว. ล158ร ล.5 ฉ.1 
  Barcode: 039776
ห้องสมุดวิทยาเขตสวรรค์ประชารักษ์
►นวนิยาย
บนชั้น
  ขอยืม

BibComment


ยังไม่เคยถูกคอมเมนท์

คอมเมนท์ทรัพยากรรายการนี้
  คอมเมนท์: ริมทะเลสาบสีเงิน ..


 Copyright 2026. Bcnsprnw @Library